000 00947cam a2200265 i 4500
003 SA-RiAUC
005 20251119121954.0
008 251005s1971 sj f 00000 ara c
040 _aSA-JeALM
_bara
_cSA-RiAUC
_erda
043 _af-sj---
082 0 4 _a953
090 _a953
_bق ا س
100 1 _aقاسم، عون الشريف،
_d1933-2006
_eمؤلف.
245 1 0 _aمن قضايا البعث الحضاري /
_cعون الشريف قاسم.
250 _aالطبعة الأولى.
264 1 _aالخرطوم :
_aبيروت :
_bالدار السودانية ؛
_bدار الفكر،
_c1971
300 _a128 صفحة ؛
_c24 سم.
336 _aنص
_btxt
_2rdacontent
_3كتاب
337 _aبدون وسيط
_bn
_2rdamedia
650 7 _aالحضارة
_2aucsh
650 7 _aالحضارة العربية
_2aucsh
651 7 _aالسودان
_xحضارة
_2aucsh
942 _2ddc
_cBOOK
_n0
949 _aSA-JeALM
_d251005
_uosman123
_n1
999 _c13334
_d13334